Merawat cinta-kasih
| Main Author: | |
|---|---|
| Format: | Book |
| Published: |
Jakarta :
Pustaka Antara ,
1981
|
| Subjects: |
MARC
| LEADER | 00000cam a2200000 7i4500 | ||
|---|---|---|---|
| 001 | 0000002722 | ||
| 005 | 20021118093000.0 | ||
| 008 | 021118n | ||
| 090 | 0 | 0 | |a HQ525.M6 |b A32 |
| 100 | 0 | |a Akbar, Ali , |e author | |
| 245 | 0 | 0 | |a Merawat cinta-kasih |c H. Ali Akbar |
| 260 | 2 | |a Jakarta : |b Pustaka Antara , |c 1981 | |
| 300 | |a 198 ms. ; ; |c 21 sm. | ||
| 650 | 0 | |a Marriage (Islamic law) | |
| 999 | |a 1000023301 |b Book |c OPEN SHELF (30 DAYS) |e Gong Badak Campus | ||
| 999 | |a 1000023309 |b Book |c OPEN SHELF (30 DAYS) |e Gong Badak Campus | ||